[Event "Ljubljana-chT 62nd 2nd League"]
[Site "Ljubljana"]
[Date "2009.03.05"]
[Round "8.4"]
[White "Pivec, Ziga"]
[Black "Kastelic, Anton"]
[Result "0-1"]
[WhiteElo "1579"]
[BlackElo "1654"]
[PlyCount "46"]
[EventDate "2009.01.08"]
[EventType "team-tourn"]
[EventRounds "9"]
[EventCountry "SLO"]
[SourceTitle "EXT 2022"]
[Source "ChessBase"]
[SourceDate "2021.10.06"]
[SourceVersion "1"]
[SourceVersionDate "2021.10.06"]
[SourceQuality "1"]
[WhiteTeam "Menges Trzin"]
[BlackTeam "Visnja Gora Sticna II"]
[WhiteTeamCountry "SLO"]
[BlackTeamCountry "SLO"]

1. e4 Nc6 2. f4 d5 3. e5 Bf5 4. Nf3 e6 5. c3 d4 6. cxd4 Nxd4 7. Qa4+ Nc6 8. Nc3 Bc5 9. Be2 Nge7 10. Qb5 Bb6 11. b3 0-0 12. Ba3 a6 13. Qa4 Re8 14. h3 Nd4 15. Bxe7 Rxe7 16. Nxd4 Bxd4 17. g4 Bg6 18. Rc1 Rd7 19. Bf3 Qh4+ 20. Kd1 Rad8 21. Be4 Qf2 22. Kc2 Bxc3 23. Kxc3 Qxd2+ 0-1